| 000 | 01045 a2200205 4500 | ||
|---|---|---|---|
| 003 | Nust | ||
| 005 | 20230529185841.0 | ||
| 010 | _a 81011837 | ||
| 020 | _a0138429227 (pbk.) | ||
| 020 | _a0138429308 | ||
| 040 | _cNust | ||
| 082 | 0 | 0 | _a001.6424,BRO |
| 100 | 1 |
_aBrodie, Leo. _9112827 |
|
| 245 | 1 | 0 |
_aStarting FORTH : _ban introduction to the FORTH language and operating system for beginners and professionals / _cLeo Brodie ; with a foreword by Charles H. Moore. |
| 260 |
_aEnglewood Cliffs, N.J. : _bPrentice-Hall, _cc1981. |
||
| 300 |
_axvi, 348, [16] p. : _bill. ; _c24 cm. |
||
| 505 | _aFundamental Forth (Page-7), How To Get Results (Page-31), The Editor (Page-57), Decisions (Page-89), The Philosophy Of Fixed Point (Page-107), Throw It For A Loop (Page-127), A Number Of Kinds Of Numbers (Page-149), Variables, Constants And Arrays (Page-183), Under The Hood (Page-215), I/O And You (Page-253), Extending The Compiler (Page-289), Three Examples (Page-317). | ||
| 650 | 0 |
_aFORTH (Computer program language) _9112828 |
|
| 942 |
_2ddc _cBK |
||
| 999 |
_c176698 _d176698 |
||